00931nam a2200217 i 4500001000700000003000900007005001700016007000300033008004100036100003000077245009900107260011200206300002100318490006500339650002900404650004800433710007200481710003100553830006500584852006400649103773ES-MaACL20250902103430.0t|051118s1918 sp ||||1| spa d1 aMerino Alvarez, Abelardo.13aEl regionalismo peninsular b: la antropología y la etnografía /cAbelardo Merino Alvarez. aMadrid : b[s.n.], c1918 (fImp. del Patronato de Huérfanos de Intendencia é Intervención Militares) a72 p. ; c23 cm.1 aPublicaciones del Boletín de la Real Sociedad Geográfica00aRegionalismo-zEspaña. 4aAntropología cultural y social-zEspaña2 aPatronato de Huérfanos de Intendencia e Intervención Militares.2 aReal Sociedad Geográfica1 aPublicaciones del Boletín de la Real Sociedad Geográfica aES-MaACLj1565-F-18 z- Dedicatoria autógrafa del autor